000 00789 a2200169 4500
003 Nust
005 20170207154200.0
040 _cNust
082 _a005.265
100 _aLafore Robert
245 _aThe Waite Group's C Programming Using Turbo C++
250 _a2nd ed
260 _bBrian Kernighan
_c1978
300 _axxx, 778p
505 _aThe Turbo C++ Development System (Page-1) C Building Blocks (Page-27) Loops (Page-65) Decisions (Page-95) Functions (Page-129) Arrays and Strings (Page-171) Pointers (Page-217) Keyboard and Cursor (Page-261) Structures (Page-299) Turbo C++ Graphics (Page-355) Files (Page-397) Memory (Page-451) Advanced Topics (Page-503) Application Example (Page-535) Hardware-Oriented C (Page-583)
650 _aThe Waite Group's C Programming Using Turbo C++
942 _2ddc
_cBK
999 _c194678
_d194678